000 00319nam a22001337a 4500
008 170802b xxu||||| |||| 00| 0 eng d
020 _a9780875843094
041 _aeng
080 _a004
100 _a32
101 _aSHKI
245 _aEVERY MANAGER'S GUIDE TO INFORMATION TECHNOLOGY
_cKEEN, P.G.W
942 _2udc
_cBK
999 _c22469
_d22469